00482nam a2200181 a 450000100060000000300090000600800410001502000150005604000280007108200090009910000200010824500530012826000460018130000100022749000250023765000160026265000220027817488CO-ViMGA141112s2004 ck r 000 u spa d a8477222355 aCO-ViMGAbspacCO-ViMGA04aCASr1 aBalanya, Ismael10aEl caso de los robos de bici y siete casos más aBarcelona (España), cTimun Mas, c1993 a97.p. aResuelve el misterio14aADIVINANZAS14aJUEGOS INFANTILES